• 首页
  • 本馆介绍
  • 公告通知
  • 最新文献
  • 馆藏检索
  • 电子资源
  • 读者导购
  • 参考咨询
  • 我的图书馆
  • 登录
  • 详细信息显示
  • 放入我的书架
  • 预约/预借图书
  • 作者相关作品
  • 分类相关作品
  • 丛书相关作品
  • 出版社相关作品

书目信息

  • 表格格式
  • 工作单格式
  • 卡片格式
题名:
涉外秘书实务
    
 
作者:
分册:  
出版信息: 北京   中国劳动社会保障出版社  37500
页数: 235页
开本: 26cm
丛书名:
单 册:
中图分类: F276.43
科图分类:
主题词: 企业经济
电子资源:
ISBN: 7-5045-3494-3
000 00450nam0 2200169 450
001 0728815141
005 20070819080015.14
010    @a7-5045-3494-3@d¥25.00
100    @a20070819d km y0chiy0120 ea
101 0  @achi
200 1  @a涉外秘书实务@Ashe wai mi shu shi wu
210    @a北京@c中国劳动社会保障出版社@d37500
215    @a235页@d26cm
606 0  @a企业经济
690    @aF276.43@v3
801  0 @aCN@bPFT@c20070819
905    @a213230@dF276.43@eZW18@f1
    
    涉外秘书实务.-北京:中国劳动社会保障出版社,37500
    235页;26cm
    
    
    ISBN 7-5045-3494-3:¥25.00
    
●
相关链接 在E读中查询图书 在五车中查询图书 在当当中查询图书 在豆瓣中查询图书


正题名:涉外秘书实务     索取号:F276.43/ZW18         预约/预借

序号 登录号 条形码 馆藏地/架位号 状态 备注
1 7601569   276015697   密集书库-文学院/ [索取号:F276.43/ZW18] 在馆    
唐山师范学院图书馆 欢迎您!
大连网信软件有限公司© 版权所有